00624nam a2200169 a 450000100100000000500170001000800410002704000250006810000230009324500790011624600290019526000520022430000200027670000360029695201050033299900170043700003895520201002031432.0130508s1999 dr 000 0 spa d aDO-SdBNPbspacBNPHU1 aKento, Luis96521210a100 mensajes para vivir /cLuis Kento ; prólogo José E. Flete Morillo.10aCien mensajes para vivir aSanto Domingo :bFudación Luis Kenton,c1999. a57 p. ;c22 cm.1 aFlete Morillo, José E.965213 0010718PDaPDbPDcCTd2013-05-08iLF1l0o p38955-10r2020-06-25w2020-06-25yLFPDZNo se presta c38445d38445